Introduction to biomedical engineering technology / (رقم التسجيلة. 26644)
[ عرض عادي ]
| 000 -الفاتح | |
|---|---|
| حقل البيانات ثابتة الطول | 01557pam a2200349 a 4500 |
| 001 - رقم الضبط | |
| رقم الضبط | 747385726 |
| 003 - محدد رقم الضبط | |
| رقم الضبط | SKY |
| 003 - محدد رقم الضبط | |
| رقم الضبط | SKY |
| 005 - وقت وتاريخ اخر تعامل مع التسجيلة | |
| رقم الضبط | 20150408114107.0 |
| 008 - عناصر البيانات ثابتة الطول - معلومات عامة | |
| حقل البيانات ثابتة الطول | 110816s2012 fluaf b 001 0 eng |
| 010 ## - رقم ضبط مكتبة الكونجرس | |
| رقم ضبط مكتبة الكونجرس | 2011034575 |
| 020 ## - الرقم الدولى المعيارى للكتب | |
| الرقم الدولى المعيارى للكتاب | 9781439860588 (hardcover : alk. paper) |
| 020 ## - الرقم الدولى المعيارى للكتب | |
| الرقم الدولى المعيارى للكتاب | 1439860580 (hardcover : alk. paper) |
| 040 ## - مصدر الفهرسة | |
| وكالة الفهرسة الأصلية | DNLM/DLC |
| وكالة النسخ | DLC |
| وكالة التعديل | NLM |
| -- | YDXCP |
| -- | NhCcYBP |
| 042 ## - رمز التحقق | |
| رمز التحقق | pcc |
| 050 #4 - رقم طلب مكتبة الكونجرس | |
| رقم التصنيف | R856 |
| رقم المادة | .S77 2012 |
| 060 10 - رقم الطلب بالمكتبة الطبية الوطنية | |
| رقم التصنيف | WB 26 |
| 082 00 - رقم تصنيف ديوى العشرى | |
| رقم التصنيف | 610.28 |
| رقم الطبعة | 23 |
| رقم المادة | SLI |
| 100 1# - المدخل الرئيسى - إسم شخصى | |
| الإسم الشخصى | Street, Laurence J. |
| 9 (RLIN) | 19037 |
| 245 10 - بيان العنوان | |
| العنوان | Introduction to biomedical engineering technology / |
| بيان المسئوليه,etc | Laurence Street. |
| 246 30 - العنوان الموازى | |
| عنوان صحيح/عنوان مختصر | Biomedical engineering technology. |
| 250 ## - بيان الطبعة | |
| بيان الطبعة | 2nd ed. |
| 260 ## - PUBLICATION, DISTRIBUTION, ETC. (IMPRINT) | |
| مكان الناشر او الموزع | Boca Raton : |
| اسم الناشر او الموزع | CRC Press, |
| تاريخ النشر أو التوزيع | c2012. |
| 300 ## - الوصف المادى | |
| التعداد | xix, 339 p., [16] p. of plates : |
| تفاصيل ماديه اخرى للوعاء | ill. (some col.) ; |
| أبعاد الوعاء | 27 cm. |
| 504 ## - تبصرة ببليوجرافية | |
| تبصرة ببليوجرافية,الخ | Includes bibliographical references and index. |
| 505 0# - تبصرة محتويات-الفهرس | |
| تبصرة المحتويات المصاغة | Diagnostic devices. Pt. 1, Physiological monitoring systems -- Diagnostic devices. Pt. 2, Circulatory system and blood -- Diagnostic devices. Pt. 3, Digestive system -- Diagnostic imaging -- Treatment devices. Pt. 1, Heart -- Treatment devices. Pt. 2, Nervous system -- Treatment devices. Pt. 3, Reproduction -- Biomedical engineering technologist (BMET) work -- Testers and tools -- Batteries, radiation, and computers -- Technology management. |
| 650 #0 - المدخل الاضافى بالموضوع-مصطلح موضوعى | |
| مصطلح موضوعي أو اسم جغرافي كعنصر مدخل | Medical instruments and apparatus. |
| 650 12 - المدخل الاضافى بالموضوع-مصطلح موضوعى | |
| مصطلح موضوعي أو اسم جغرافي كعنصر مدخل | Biomedical Technology. |
| 650 12 - المدخل الاضافى بالموضوع-مصطلح موضوعى | |
| مصطلح موضوعي أو اسم جغرافي كعنصر مدخل | Equipment and Supplies. |
| 650 22 - المدخل الاضافى بالموضوع-مصطلح موضوعى | |
| مصطلح موضوعي أو اسم جغرافي كعنصر مدخل | Biomedical Engineering |
| التقسيم الفرعي العام | instrumentation. |
| 9 (RLIN) | 13511 |
| 942 ## - عناصر المدخل الإضافي( كوها) | |
| مصدر التصنيف او مخطط الترفيف | Dewey Decimal Classification |
| Koha [default] item type | DVD |
| حالة الفقد | نموذج السعر الفعال | حالة تلف | ليس للاعارة | رقم الطلب | تاريخ الاكتساب | الموقع الحالي | الباركود | الفرع الرئيسي | Date last checked out | Date last seen | نوع المادة فى نظام كوها | مصدر التصنيف او خطة الترفيف | Total Checkouts | Total Renewals |
|---|---|---|---|---|---|---|---|---|---|---|---|---|---|---|
| 2013-03-10 | 610.28 SLI | 2012-12-28 | المكتبة المركزية بالمجمعة (CL) | 00400412 | المكتبة المركزية بالمجمعة (CL) | 2016-10-27 | 2016-12-05 | كتاب | Dewey Decimal Classification | 2 | ||||
| 2013-03-10 | 610.28 SLI | 2012-12-28 | المكتبة المركزية بالمجمعة (CL) | 00400413 | المكتبة المركزية بالمجمعة (CL) | 2022-12-19 | 2023-02-05 | كتاب | Dewey Decimal Classification | 2 | ||||
| 2013-03-10 | 610.28 SLI | 2013-01-01 | المكتبة المركزية بالمجمعة (CL) | 00401679 | المكتبة المركزية بالمجمعة (CL) | 2014-02-03 | 2014-06-08 | كتاب | Dewey Decimal Classification | 1 | 1 |
